| 000 | 00389nam a22001457a 4500 | ||
|---|---|---|---|
| 008 | 160419b xxu||||| |||| 00| 0 eng d | ||
| 020 | _a9780781785891 | ||
| 020 | _a9780781785907 | ||
| 020 | _a9781608310807 | ||
| 020 | _a9781608310883 | ||
| 041 | _aeng | ||
| 080 | _a618.2 | ||
| 245 |
_aMedical Surgical Nursing: _cSuzanne C. Smeltzer; Brenda G. Bare; Janice L.Hinkle; |
||
| 942 |
_2udc _cBK |
||
| 999 |
_c1433 _d1433 |
||